000 01334cam a22003617a 4500
003 CHAP
005 20220329142047.0
008 990518d1997 mx b r 00010 spa d
010 _a77810
011 _a78782
020 _a9687863145
035 _a88850
040 _cCHAP
100 0 0 _aRzedowski Rotter, Jerzy.
_9101052
245 1 0 _aFamilia Campanulaceae
_c/por Jerzy Rzedowski y Graciela Calderón de Rzedowski
260 _aPátzcuaro, Mich. :
_bInstituto de Ecología A.C. Centro Regional del Bajío,
_c1997
300 _a64 p. :
_bilus. ; mapas.
490 0 _aFlora del Bajío y de Regiones Adyacentes. Fascículo
_v; 58
590 _aBATCH-UPD
_b10
_c20130110
_lUCH01
_h0528
590 _aBATCH-UPD
_b10
_c20130110
_lUCH01
_h2302
590 _aBATCH-UPD
_b10
_c20130410
_lUCH01
_h0208
590 _aBATCH-UPD
_b10
_c20130410
_lUCH01
_h1635
590 _aBATCH-UPD
_b10
_c20130914
_lUCH01
_h0825
590 _aCONVERSION
_b10
_c20130109
_lUCH01
_h1343
650 1 4 _aCampanulaceae.
_917930
650 1 4 _aLobelia.
_967390
700 0 _aCalderón de Rzedowski, Graciela.
_917385
830 0 _aFlora del Bajío y de Regiones Adyacentes. Fascículo
_v; 58
_941324
852 2 _yISSUE
_d2012-12-17
_503
901 _aBK
942 _cISSUE
949 _bBC
_cPS
_d33724002257835
_ePS
_i88850
_sb
999 _c77810
_d77810